000 00633nam a2200277Ia 4500
005 20260324150403.0
008 008 260324s9999 xx 000 0 eng d
020 _a9780429318009
037 _aEBOOK
040 _aCRL
040 _beng
040 _cCRL
041 _2eng
041 _aeng
084 _qCRL
100 _aM. Seliger
_91226243
245 4 _aThe Liberal Politics of John Locke
260 _bTaylor and Francis
260 _c1968
365 _a
365 _b205
856 _uhttp://www.taylorfrancis.com/books/9780429318009
942 _cEBOOK
999 _c1835600
_d1835600